Komunikáciu treba diferencovať Propagácia produktov ako významný nástroj marketingovej stratégie telekomunikačného podniku

Zabezpečenie optimálneho úspechu telekomunikačného podniku pomocou marketingovej stratégie a marketingového plánu. Marketingové stratégie v telekomunikáciách. V oblasti stratégie v telekomunikáciách zohrávajú dôležitú úlohu cenová politika, distribučná politika a komunikačná politika. Spracovanie an...

Descripción completa

Guardado en:
Detalles Bibliográficos
Autor principal: Mokošová, Gabriela
Otros Autores: Rostašová, M.
Formato: Capítulo de libro
Lenguaje:eslovaco
Materias:
Etiquetas: Agregar Etiqueta
Sin Etiquetas, Sea el primero en etiquetar este registro!

MARC

LEADER 00000naa a2200000 4500
001 r025692
005 20230522135818.6
041 0 |a slo 
044 |a SK 
245 1 0 |a Komunikáciu treba diferencovať  |b Propagácia produktov ako významný nástroj marketingovej stratégie telekomunikačného podniku  |c G. Mokošová, M. Rostašová 
520 |a Zabezpečenie optimálneho úspechu telekomunikačného podniku pomocou marketingovej stratégie a marketingového plánu. Marketingové stratégie v telekomunikáciách. V oblasti stratégie v telekomunikáciách zohrávajú dôležitú úlohu cenová politika, distribučná politika a komunikačná politika. Spracovanie analýzy možností a analýzy potrieb v telekomunikáciách. 
610 2 0 |a komunikácia 
610 2 0 |a propagácia 
610 2 0 |a stratégia marketingová 
610 2 0 |a telekomunikácie 
610 2 0 |a politika cenová 
610 2 0 |a distribúcia 
610 2 0 |a plán marketingový 
100 1 |a Mokošová, Gabriela 
700 1 |a Rostašová, M.